000 00386cam a22001337a 4500
999 _c511973
_d511973
008 180718b2012 xxu||||| |||| 00| 0 eng d
082 _aA45:K782 In2/18
100 _aGovernment of India
_912535
245 _aAnnual report 2018
_cCentral vigilance commission
260 _aNew Delhi
_bCentral vigilance commission
_c2019
300 _a236p.
650 _aVigilance
_912536
942 _2ddc